[Event "SVM_Regionalliga_2024-25"]
[Site "?"]
[Date "2024.11.10"]
[Round "4.5"]
[Board "8"]
[White "Fischermann,Simon"]
[Black "Borriss,Emma"]
[WhiteTeam "SG Porz 3"]
[BlackTeam "SG Siebengebirge 1"]
[WhiteElo "1873"]
[BlackElo "1578"]
[WhiteDWZ "1881"]
[BlackDWZ "1558"]
[Result "1-0"]
[PlyCount "65"]
[EventDate "2024.11.10"]
[SourceDate "2024.11.10"]
 
1. e4 e5 2. Nf3 Nc6 3. Bc4 Bc5 4. c3 Nf6 5. d3 d6 6. a4 a5 7. O-O O-O 8. Nbd2 Ne7 9. Re1 Ng6 10. Nf1 c6 11. Bb3 Re8 12. Ng3 Be6 13. Bc2 Qc7 14. h3 h6 15. Nh2 Rad8 16. Ng4 Nxg4 17. hxg4 Qb6 18. Rf1 Nf8 19. g5 hxg5 20. Bxg5 f6 21. Bc1 Ng6 22. Nf5 Ne7 23. Qg4 Nxf5 24. exf5 Bc8 25. Bd1 Re7 26. Qh3 Bd7 27. Bh5 g6 28. Bxg6 Rg7 29. g4 Bxf5 30. gxf5 Rdd7 31. Kg2 Qb3 32. Rh1 Kf8 33. Bh6 1-0

[Event "SVM_Regionalliga_2024-25"]
[Site "?"]
[Date "2024.11.10"]
[Round "4.6"]
[Board "1"]
[White "Vandenbergen,Nicolas"]
[Black "Marcziter,Alex"]
[WhiteTeam "SK Turm Euskirchen 1"]
[BlackTeam "SG Porz 4"]
[WhiteElo "2107"]
[BlackElo "2059"]
[WhiteDWZ "2097"]
[BlackDWZ "2030"]
[Result "0-1"]
[PlyCount "64"]
[EventDate "2024.11.10"]
[SourceDate "2024.11.10"]
 
1. Nc3 Nf6 2. e4 e5 3. f4 d5 4. fxe5 Nxe4 5. Nf3 Be7 6. d4 O-O 7. Bd3 Nxc3 8.
bxc3 c5 9. O-O Nc6 10. Be3 c4 11. Be2 b5 12. a4 b4 13. Qe1 Bf5 14. Qg3 Bxc2 15.
cxb4 Nxb4 16. h4 Bg6 17. Bd2 Rc8 18. Ng5 Nc2 19. h5 Nxd4 20. Bd1 Bd3 21. h6 g6
22. e6 fxe6 23. Rxf8+ Qxf8 24. Bg4 Bf5 25. Re1 Bd6 26. Bf4 Bxf4 27. Qxf4 Qc5
28. Kh1 c3 29. Qe5 Qf8 30. Bxf5 gxf5 31. Qxd4 Qxh6+ 32. Nh3 c2 0-1

[Event "SVM_Regionalliga_2024-25"]
[Site "?"]
[Date "2024.11.10"]
[Round "4.6"]
[Board "2"]
[White "Thalwitzer,David"]
[Black "Brinkmann,Sven"]
[WhiteTeam "SG Porz 4"]
[BlackTeam "SK Turm Euskirchen 1"]
[WhiteElo "2121"]
[BlackElo "2054"]
[WhiteDWZ "2078"]
[BlackDWZ "2014"]
[Result "1/2-1/2"]
[PlyCount "75"]
[EventDate "2024.11.10"]
[SourceDate "2024.11.10"]
 
1. e4 e6 2. d4 d5 3. e5 c5 4. c3 Bd7 5. a3 Nc6 6. Nf3 cxd4 7. cxd4 Nge7 8. b4
Nf5 9. Be3 Be7 10. Nc3 O-O 11. Bd3 Nxe3 12. fxe3 Rc8 13. Ne2 f6 14. exf6 Bxf6
15. Qb3 Be8 16. O-O Bf7 17. Rac1 Qd6 18. h3 e5 19. Bf5 Rce8 20. b5 Na5 21. Qc2
e4 22. Nd2 Qxa3 23. Qc3 Qxc3 24. Rxc3 Bg5 25. Ra1 b6 26. Bd7 Re7 27. Bc6 Be6
28. Rf1 Ref7 29. Rxf7 Rxf7 30. Nf1 Nc4 31. Neg3 Kf8 32. Nxe4 dxe4 33. d5 Bxd5
34. Bxd5 Rxf1+ 35. Kxf1 Nxe3+ 36. Rxe3 Bxe3 37. Bxe4 h6 38. Ke2 {(=)} 1/2-1/2

[Event "SVM_Regionalliga_2024-25"]
[Site "?"]
[Date "2024.11.10"]
[Round "4.6"]
[Board "3"]
[White "Neubauer,Jürgen"]
[Black "Wagenknecht,Uwe"]
[WhiteTeam "SK Turm Euskirchen 1"]
[BlackTeam "SG Porz 4"]
[WhiteElo "2004"]
[BlackElo "2118"]
[WhiteDWZ "1954"]
[BlackDWZ "2086"]
[Result "1-0"]
[PlyCount "100"]
[EventDate "2024.11.10"]
[SourceDate "2024.11.10"]
 
1. e4 c5 2. Nf3 d6 3. a3 Nf6 4. Nc3 Nc6 5. Bc4 e6 6. d3 Be7 7. O-O O-O 8. Re1
a6 9. Bf4 b5 10. Ba2 Bb7 11. e5 dxe5 12. Nxe5 Nxe5 13. Bxe5 Nd7 14. Bg3 Bf6 15.
Qg4 Bxc3 16. bxc3 Nf6 17. Qg5 Nd5 18. Qd2 Nb6 19. Rad1 Rc8 20. Qf4 Nd5 21. Qe5
Re8 22. c4 Ne7 23. cxb5 axb5 24. Qb2 Qd7 25. Be5 Qc6 26. f3 Nf5 27. Rb1 Nd4 28.
Bxd4 cxd4 29. Re2 Qc3 30. a4 Qxb2 31. Rxb2 Ra8 32. axb5 Ra5 33. Bc4 Kf8 34. Re5
Rc8 35. Rb4 Ke7 36. Bb3 Kf6 37. f4 Rd8 38. Rc5 Rd7 39. Kf2 h6 40. Ba4 g5 41. g3
g4 42. Rcc4 e5 43. fxe5+ Kxe5 44. b6 Rd6 45. Rc7 Rxa4 46. Rxa4 Rxb6 47. Rxf7
Rb2 48. Rc7 Rb1 49. Rc5+ Kd6 50. Rh5 Rb2 1-0

[Event "SVM_Regionalliga_2024-25"]
[Site "?"]
[Date "2024.11.10"]
[Round "4.6"]
[Board "4"]
[White "Holzwarth,Felix"]
[Black "Hack,Thomas"]
[WhiteTeam "SG Porz 4"]
[BlackTeam "SK Turm Euskirchen 1"]
[WhiteElo "2003"]
[BlackElo "2014"]
[WhiteDWZ "1979"]
[BlackDWZ "1907"]
[Result "1/2-1/2"]
[PlyCount "109"]
[EventDate "2024.11.10"]
[SourceDate "2024.11.10"]
 
1. Nc3 d5 2. d4 Nf6 3. Bf4 Bf5 4. Nf3 e6 5. e3 c6 6. Ne5 Bb4 7. g4 Bg6 8. f3
Nfd7 9. h4 Nxe5 10. Bxe5 f6 11. h5 Bf7 12. Bg3 Bd6 13. Ne2 Bxg3+ 14. Nxg3 Qd6
15. Kf2 Nd7 16. c3 O-O-O 17. b4 Kb8 18. Rb1 g6 19. c4 dxc4 20. Bxc4 gxh5 21.
Nxh5 Bg6 22. Rb2 Nb6 23. Qb3 e5 24. dxe5 fxe5 25. Be2 Qe7 26. a4 Rhf8 27. a5
Nd5 28. a6 b6 29. Qc4 Rd6 30. Ng3 Qg5 31. Rb3 Re6 32. b5 Nc7 33. bxc6 Qe7 34.
Ne4 Be8 35. Qb4 Bxc6 36. Ng5 Qxb4 37. Rxb4 Rg6 38. Nxh7 Rf7 39. g5 Rgg7 40. Nf6
Ne6 41. Rh8+ Kc7 42. f4 Nxg5 43. fxg5 Rxg5 44. Rh7 Rf5+ 45. Rf4 Rxf4+ 46. exf4
Rxh7 47. Nxh7 exf4 48. Ng5 b5 49. Ne6+ Kb6 50. Nd4 Be8 51. Bd3 Kxa6 52. Kf3 Ka5
53. Kxf4 Ka4 54. Ke3 a5 55. Bxb5+ {(=)} 1/2-1/2

[Event "SVM_Regionalliga_2024-25"]
[Site "?"]
[Date "2024.11.10"]
[Round "4.6"]
[Board "5"]
[White "Alnafkhosh,Nashaat"]
[Black "Sistig,Max"]
[WhiteTeam "SK Turm Euskirchen 1"]
[BlackTeam "SG Porz 4"]
[WhiteElo "1866"]
[BlackElo "1972"]
[WhiteDWZ "1815"]
[BlackDWZ "1983"]
[Result "0-1"]
[PlyCount "208"]
[EventDate "2024.11.10"]
[SourceDate "2024.11.10"]
 
1. e4 c5 2. Nf3 Nc6 3. Bb5 g6 4. O-O Bg7 5. Re1 e5 6. Bxc6 dxc6 7. b3 Qc7 8.
Bb2 Ne7 9. d3 O-O 10. Nbd2 Be6 11. Ng5 Bd7 12. Ngf3 Rae8 13. Nc4 f6 14. a4 a5
15. Qd2 b6 16. h3 Nc8 17. Bc3 Nd6 18. Rad1 Nf7 19. Nh2 Nd8 20. Nf1 Ne6 21. Nxb6
Qxb6 22. Bxa5 Qa7 23. Bc3 Nd4 24. Bxd4 cxd4 25. Qe2 Bh6 26. h4 Qc5 27. h5 Qd6
28. Nd2 Bxd2 29. Rxd2 Qe6 30. hxg6 hxg6 31. f3 Kg7 32. Rdd1 Rh8 33. a5 Qd6 34.
Qd2 Ra8 35. Ra1 Rhb8 36. Kf2 Qb4 37. Qxb4 Rxb4 38. Ra2 Ra6 39. g4 Rb8 40. Kg3
c5 41. f4 exf4+ 42. Kxf4 Rba8 43. Rea1 Rh8 44. e5 fxe5+ 45. Kxe5 Bxg4 46. Kd5
Rh5+ 47. Kc4 Bd7 48. Re1 Kf6 49. Raa1 Rf5 50. Rh1 Ke7 51. Rh6 Kd8 52. b4 {(=)}
cxb4 53. Kxb4 Rh5 54. Rxh5 gxh5 55. Kc4 h4 56. Kxd4 h3 57. Ke5 h2 58. d4 Rxa5+
59. Rxa5 h1=Q 60. Rc5 Qe1+ 61. Kf4 Qf2+ 62. Ke4 Bf5+ 63. Rxf5 Qxc2+ 64. Ke5 Ke7
65. Rf4 Qh2 66. Kf5 Kd6 67. Rg4 Kd5 68. Kg5 Qf2 69. Rf4 Qd2 70. Kf5 Qe3 71. Rg4
{(=)} Qh3 72. Kg5 Ke6 73. Re4+ Kf7 74. Rf4+ Kg7 75. Rg4 Qh6+ 76. Kf5+ Kf7 77.
Rf4 Qh5+ 78. Ke4+ Ke6 79. Rf3 Qd5+ 80. Ke3 Qb3+ 81. Ke4 Qc2+ 82. Ke3 Kd5 83.
Rf4 Qc3+ 84. Kf2 Qh3 85. Ke2 Qg3 86. Rf3 Qg4 87. Kf2 Kxd4 88. Rg3 Qh4 89. Kg2
Ke4 90. Rh3 Qg4+ 91. Rg3 Qe2+ 92. Kh1 Kf4 93. Rg2 Qd1+ 94. Kh2 Qe1 95. Rg8 Qf2+
96. Rg2 Qh4+ 97. Kg1 Kf3 98. Ra2 Qg4+ 99. Kh1 Qh4+ 100. Kg1 Qg5+ 101. Kh1 Qh6+
102. Kg1 Qg6+ 103. Kh2 Qh7+ 104. Kg1 Qb1+ 0-1

[Event "SVM_Regionalliga_2024-25"]
[Site "?"]
[Date "2024.11.10"]
[Round "4.6"]
[Board "6"]
[White "Thiemonds,Uli"]
[Black "Blumenthal,Ralf"]
[WhiteTeam "SG Porz 4"]
[BlackTeam "SK Turm Euskirchen 1"]
[WhiteElo "2055"]
[BlackElo "1912"]
[WhiteDWZ "2014"]
[BlackDWZ "1774"]
[Result "1-0"]
[PlyCount "85"]
[EventDate "2024.11.10"]
[SourceDate "2024.11.10"]
 
1. e4 c5 2. c3 d5 3. exd5 Qxd5 4. d4 cxd4 5. cxd4 Nf6 6. Nc3 Qa5 7. Nf3 g6 8.
h3 Bg7 9. Bc4 O-O 10. O-O a6 11. Be3 b5 12. Bb3 Bb7 13. Ne5 e6 14. Qd2 Nbd7 15.
Bh6 Rad8 16. Bxg7 Kxg7 17. Qe3 Qb6 18. Rad1 Qd6 19. Rfe1 Nb6 20. Qg5 h6 21. Qh4
Nc4 22. Nxc4 bxc4 23. Bxc4 Qc6 24. Bf1 g5 25. Qg3 Qd6 26. Qe5 Rd7 27. Na4 Qc6
28. Nc5 Rd5 29. Qe3 Bc8 30. g3 Rf5 31. Bg2 Nd5 32. Qc1 Qb6 33. Be4 Rf6 34. Rd3
Rd8 35. Bg2 Nb4 36. Rb3 Rxd4 37. a3 Rf5 38. Rxb4 Rxb4 39. axb4 Qxb4 40. Ne4 Kg6
41. Qc3 Qb8 42. Rd1 Re5 43. Rd8 1-0

[Event "SVM_Regionalliga_2024-25"]
[Site "?"]
[Date "2024.11.10"]
[Round "4.6"]
[Board "7"]
[White "Lobe,Sandra"]
[Black "Hackbusch,Thomas"]
[WhiteTeam "SK Turm Euskirchen 1"]
[BlackTeam "SG Porz 4"]
[WhiteElo "1888"]
[BlackElo "1798"]
[WhiteDWZ "1760"]
[BlackDWZ "1844"]
[Result "1/2-1/2"]
[PlyCount "100"]
[EventDate "2024.11.10"]
[SourceDate "2024.11.10"]
 
1. e4 d6 2. d4 Nf6 3. Nc3 g6 4. Be3 Bg7 5. f3 c6 6. a4 Nbd7 7. Qd2 a6 8. Be2
Rb8 9. g4 Qc7 10. h4 h5 11. g5 Ng8 12. f4 e6 13. Nf3 Ne7 14. Rf1 O-O 15. Bd3 d5
16. e5 {(=)} c5 17. Be2 Nf5 18. Bf2 c4 19. b4 cxb3 20. cxb3 Qa5 21. Rb1 Qb4 22.
Na2 Qa3 23. Qb2 Qe7 24. Rc1 Nb6 25. a5 Na8 26. Qc2 Bd7 27. Qc5 Rfc8 28. Qxe7
Nxe7 29. Kd2 Bf8 30. Rxc8 Rxc8 31. Rc1 Nc6 32. Bd1 Nxa5 33. Rxc8 Bxc8 34. Kc3
Nc6 35. Ne1 Nc7 36. Nc2 Nb5+ 37. Kb2 Bd7 38. Be2 Nc7 39. Nc3 b5 40. Bd3 Nb4 41.
Nxb4 Bxb4 42. Na2 Ba5 43. Nc3 Kf8 44. Be2 Ke7 45. Be3 Be8 46. Kc2 Bb6 47. Bf3
a5 48. f5 b4 49. fxg6 fxg6 50. Na4 Bxa4 {(=)} 1/2-1/2

[Event "SVM_Regionalliga_2024-25"]
[Site "?"]
[Date "2024.12.01"]
[Round "5.2"]
[Board "1"]
[White "Marcziter,Alex"]
[Black "Borriss,Martin"]
[WhiteTeam "SG Porz 4"]
[BlackTeam "SG Siebengebirge 1"]
[WhiteElo "1988"]
[BlackElo "2427"]
[WhiteDWZ "2030"]
[BlackDWZ "2403"]
[Result "0-1"]
[PlyCount "86"]
[EventDate "2024.12.01"]
[SourceDate "2024.12.01"]
 
1. e4 c5 2. Nc3 Nc6 3. g3 g6 4. Bg2 Bg7 5. d3 d6 6. f4 e6 7. Nf3 Nge7 8. O-O O-O 9. Be3 Nd4 10. e5 Bd7 11. Ne4 Nef5 12. Bf2 Bc6 13. g4 Bxe4 14. dxe4 Nxf3+ 15. Bxf3 Nd4 16. Bxd4 cxd4 17. exd6 e5 18. Qd2 exf4 19. Qxf4 Qa5 20. Be2 Be5 21. Qh6 Qc5 22. Bd3 Rad8 23. Rf3 Bg7 24. Qf4 Rxd6 25. g5 Re6 26. Raf1 Re5 27. h4 b5 28. R1f2 a6 29. Qd2 Re7 30. Kf1 Qc8 31. Qb4 Qe6 32. a4 Rb7 33. h5 Qg4 34. h6 Be5 35. Bc4 Qxg5 36. Bd5 Rc7 37. axb5 axb5 38. Qxb5 Qc1+ 39. Kg2 Qg5+ 40. Kf1 Qxh6 41. Bxf7+ Rfxf7 42. Qe8+ Qf8 43. Qxf8+ Kxf8 0-1

[Event "SVM_Regionalliga_2024-25"]
[Site "?"]
[Date "2024.12.01"]
[Round "5.2"]
[Board "2"]
[White "Richter,Dirk"]
[Black "Wagenknecht,Uwe"]
[WhiteTeam "SG Siebengebirge 1"]
[BlackTeam "SG Porz 4"]
[WhiteElo "2112"]
[BlackElo "2118"]
[WhiteDWZ "2020"]
[BlackDWZ "2086"]
[Result "0-1"]
[PlyCount "86"]
[EventDate "2024.12.01"]
[SourceDate "2024.12.01"]
 
1. c4 b6 2. Nc3 Bb7 3. Nf3 Nf6 4. g3 e6 5. a3 c5 6. Bg2 d5 7. cxd5 Nxd5 8. Nxd5 Bxd5 9. O-O Be7 10. d4 Nd7 11. Bd2 O-O 12. Bc3 Bf6 13. Qd3 cxd4 14. Bxd4 Nc5 15. Bxc5 bxc5 16. e4 Bc6 17. Qc2 Qb6 18. e5 Be7 19. Nd2 Bd5 20. b3 Rab8 21. Rab1 Qa6 22. h3 Rfd8 23. Rfc1 Qxa3 24. Bf1 Qb4 25. Ra1 Ba8 26. Bd3 Qd4 27. Bxh7+ Kf8 28. Rd1 Qxe5 29. Rxa7 g6 30. Nc4 Rxd1+ 31. Qxd1 Qe4 32. f3 Qxf3 33. Qxf3 Bxf3 34. Ne5 Rxb3 35. Bxg6 c4 36. Bc2 Bc5+ 37. Kf1 Bxa7 38. Bxb3 cxb3 39. Nxf3 Be3 40. Ke2 b2 41. Kxe3 b1=Q 42. g4 f6 43. Kf4 Qb8+ 0-1

[Event "SVM_Regionalliga_2024-25"]
[Site "?"]
[Date "2024.12.01"]
[Round "5.2"]
[Board "3"]
[White "Sistig,Max"]
[Black "Borriss,Benjamin"]
[WhiteTeam "SG Porz 4"]
[BlackTeam "SG Siebengebirge 1"]
[WhiteElo "1972"]
[BlackElo "1814"]
[WhiteDWZ "1983"]
[BlackDWZ "1958"]
[Result "0-1"]
[PlyCount "130"]
[EventDate "2024.12.01"]
[SourceDate "2024.12.01"]
 
1. d4 d5 2. c4 e6 3. Nc3 Nf6 4. cxd5 exd5 5. Bg5 Be7 6. e3 O-O 7. Bd3 h6 8. Bh4 b6 9. Nge2 Bb7 10. O-O c5 11. Rc1 Nbd7 12. h3 Rc8 13. Bg3 Ne4 14. Bh2 Ndf6 15. f3 Nxc3 16. Rxc3 Bd6 17. Be5 Qe7 18. Bf5 Rc7 19. Bxd6 Qxd6 20. Qd2 c4 21. Rcc1 Re8 22. Nc3 a6 23. Qf2 b5 24. Rfe1 Rce7 25. Re2 Bc6 26. Rce1 b4 27. Nb1 Qb8 28. Nd2 Bb5 29. Nf1 c3 30. Rc2 g6 31. Qh4 Kg7 32. Ng3 g5 33. Nh5+ Kh8 34. Qf2 Nxh5 35. h4 Qg3 36. bxc3 bxc3 37. Rxc3 Qxf2+ 38. Kxf2 gxh4 39. Bc2 Ng3 40. Bb3 Bc4 41. Bxc4 dxc4 42. Rxc4 Rb7 43. Rec1 Rb2+ 44. R1c2 Reb8 45. e4 Kg7 46. Ke3 Kf8 47. d5 Rxc2 48. Rxc2 Rb6 49. Kd4 Nh5 50. Ke5 Ke8 51. a4 Kd7 52. a5 Rg6 53. f4 Rg4 54. Rf2 f6+ 55. Kf5 Rg8 56. Rb2 Ng3+ 57. Kxf6 Nxe4+ 58. Ke5 Nd6 59. Kf6 Rf8+ 60. Kg6 Rxf4 61. Kxh6 Ra4 62. Kg5 Rxa5 63. Kxh4 Rxd5 64. g4 a5 65. Kg3 Kc6 0-1

[Event "SVM_Regionalliga_2024-25"]
[Site "?"]
[Date "2024.12.01"]
[Round "5.2"]
[Board "4"]
[White "Wambach,Patrick"]
[Black "Thiemonds,Uli"]
[WhiteTeam "SG Siebengebirge 1"]
[BlackTeam "SG Porz 4"]
[WhiteElo "1977"]
[BlackElo "2055"]
[WhiteDWZ "1994"]
[BlackDWZ "2014"]
[Result "1/2-1/2"]
[PlyCount "72"]
[EventDate "2024.12.01"]
[SourceDate "2024.12.01"]
 
1. Nf3 e6 2. c4 f5 3. d3 Nf6 4. g3 d5 5. cxd5 exd5 6. Bg2 Bd6 7. O-O O-O 8. Nc3 c6 9. Bg5 h6 10. Bxf6 Qxf6 11. e3 Nd7 12. d4 Qe7 13. Qc2 g6 14. Rfe1 Nf6 15. Ne2 Kg7 16. Nf4 Be6 17. Nd3 Nd7 18. Rac1 Bf7 19. Qb3 Rab8 20. Qc3 Rfe8 21. a3 Qf6 22. b4 g5 23. a4 Nb6 24. Nfe5 Re7 25. Nc5 Rxe5 26. dxe5 Bxe5 27. Qc2 Be8 28. a5 Nc4 29. Bf1 Bb2 30. Rcd1 Bc3 31. Bxc4 Bxe1 32. Rxe1 dxc4 33. Qxc4 b6 34. axb6 axb6 35. Ne6+ Kg6 36. Nd4 Bd7 {(=)} 1/2-1/2

[Event "SVM_Regionalliga_2024-25"]
[Site "?"]
[Date "2024.12.01"]
[Round "5.2"]
[Board "5"]
[White "Kossack,Philipp"]
[Black "Borriss,Claudia"]
[WhiteTeam "SG Porz 4"]
[BlackTeam "SG Siebengebirge 1"]
[WhiteElo "1981"]
[BlackElo "2117"]
[WhiteDWZ "1985"]
[BlackDWZ "1985"]
[Result "1/2-1/2"]
[PlyCount "45"]
[EventDate "2024.12.01"]
[SourceDate "2024.12.01"]
 
1. d4 Nf6 2. c4 e6 3. f3 d5 4. Bg5 c5 5. cxd5 Qb6 6. Qb3 Nxd5 7. dxc5 Bxc5 8. Qxb6 axb6 9. Nc3 Nxc3 10. bxc3 f6 11. Bd2 Nc6 12. e4 Ke7 13. f4 Rd8 14. Nf3 Na5 15. Rb1 {(=)} Bd7 16. Bd3 Be8 17. Ke2 h6 18. Rhd1 Ba4 19. Rdc1 Bc6 20. Be3 g5 21. fxg5 hxg5 22. Nd4 Be8 23. e5 {(=)} 1/2-1/2

[Event "SVM_Regionalliga_2024-25"]
[Site "?"]
[Date "2024.12.01"]
[Round "5.2"]
[Board "6"]
[White "Schild,Willi"]
[Black "Hackbusch,Thomas"]
[WhiteTeam "SG Siebengebirge 1"]
[BlackTeam "SG Porz 4"]
[WhiteElo "2022"]
[BlackElo "1798"]
[WhiteDWZ "1767"]
[BlackDWZ "1844"]
[Result "1/2-1/2"]
[PlyCount "46"]
[EventDate "2024.12.01"]
[SourceDate "2024.12.01"]
 
1. d4 Nf6 2. Nf3 g6 3. Bf4 Bg7 4. e3 d6 5. h3 O-O 6. Be2 Nbd7 7. O-O c5 8. c3 a6 9. a4 b6 10. Nbd2 Bb7 11. Bh2 Qc7 12. Re1 Rac8 13. Qb3 cxd4 14. exd4 Bd5 15. Qa3 Qa7 16. Bd3 Rfe8 17. Re2 Qa8 18. Rae1 Bf8 19. c4 Bb7 20. Qb3 e6 21. Ne4 Bxe4 22. Bxe4 Nxe4 23. Rxe4 Nf6 {(=)} 1/2-1/2

[Event "SVM_Regionalliga_2024-25"]
[Site "?"]
[Date "2024.12.01"]
[Round "5.3"]
[Board "1"]
[White "Menzel,Maximilian"]
[Black "König,Christian"]
[WhiteTeam "SG Porz 3"]
[BlackTeam "SF Lohmar 1"]
[WhiteElo "2185"]
[BlackElo "2027"]
[WhiteDWZ "2169"]
[BlackDWZ "2021"]
[Result "1-0"]
[PlyCount "109"]
[EventDate "2024.12.01"]
[SourceDate "2024.12.01"]
 
1. d4 Nf6 2. Nf3 g6 3. g3 Bg7 4. Bg2 O-O 5. O-O d6 6. b3 e5 7. dxe5 dxe5 8. Ba3 Qxd1 9. Rxd1 Re8 10. c4 e4 11. Nd4 Nc6 12. Nxc6 bxc6 13. Nc3 Bf5 {(=)} 14. Rac1 h5 15. Bc5 Bh6 16. e3 a5 17. h3 Bf8 18. Bxf8 Kxf8 19. Rd4 Re7 20. Rcd1 Rc8 21. R4d2 Re5 22. Ne2 Ke7 23. Nd4 Bd7 24. Kh2 Rb8 25. Ne2 Bf5 26. Nc3 g5 27. Kg1 g4 28. h4 Re8 29. Kf1 Kf8 30. Rd8 R5e7 31. R1d4 Re5 32. Ke2 Ke7 33. Rxe8+ Kxe8 34. Kd1 Ke7 35. Kc2 c5 36. Rd2 c6 37. Kb2 Nd7 38. Ka3 Nb6 39. Na4 Nd7 40. Nc3 Nb6 41. Kb2 Bg6 42. Ne2 f5 43. Nf4 Be8 44. Bf1 Bf7 45. Kc3 Be8 46. a3 Nd7 47. b4 axb4+ 48. axb4 cxb4+ 49. Kxb4 Nc5 50. Ra2 Kd6 51. Ra7 Nd7 52. Be2 Re7 53. c5+ Ke5 54. Ba6 Kf6 55. Bc8 1-0

[Event "SVM_Regionalliga_2024-25"]
[Site "?"]
[Date "2024.12.01"]
[Round "5.3"]
[Board "2"]
[White "Langer,Raphael"]
[Black "Kremser,Michael"]
[WhiteTeam "SF Lohmar 1"]
[BlackTeam "SG Porz 3"]
[WhiteElo "1880"]
[BlackElo "2004"]
[WhiteDWZ "1949"]
[BlackDWZ "2084"]
[Result "0-1"]
[PlyCount "56"]
[EventDate "2024.12.01"]
[SourceDate "2024.12.01"]
 
1. d4 Nf6 2. c4 b6 3. Nf3 Bb7 4. g3 e6 5. Bg2 Be7 6. O-O O-O 7. b3 d5 8. Bb2 Nbd7 9. Nbd2 c5 10. Re1 dxc4 11. Nxc4 Rc8 12. Rc1 cxd4 13. Qxd4 Bc5 14. Qh4 Ne4 15. e3 Qxh4 16. Nxh4 Be7 17. Nf3 Ndc5 18. Red1 Rfd8 19. Bd4 Bd5 20. Nfd2 Nd3 21. Nxe4 Nxc1 22. Nc3 Bxg2 23. Kxg2 e5 24. Rxc1 exd4 25. exd4 Rxd4 26. Nb5 Rd7 27. Nxb6 Rxc1 28. Nxd7 a6 0-1

[Event "SVM_Regionalliga_2024-25"]
[Site "?"]
[Date "2024.12.01"]
[Round "5.3"]
[Board "3"]
[White "Wittig,Till"]
[Black "Akstinat,Sven-Holger"]
[WhiteTeam "SG Porz 3"]
[BlackTeam "SF Lohmar 1"]
[WhiteElo "1980"]
[BlackElo "1980"]
[WhiteDWZ "2055"]
[BlackDWZ "1939"]
[Result "0-1"]
[PlyCount "46"]
[EventDate "2024.12.01"]
[SourceDate "2024.12.01"]
 
1. e4 e6 2. d4 d5 3. exd5 exd5 4. Bd3 Nf6 5. Nf3 Be7 6. O-O Bg4 7. Nbd2 Nbd7 8. c3 O-O 9. Qc2 Bh5 10. Ne5 c5 11. Re1 c4 12. Bf5 Bg6 13. Ndf3 Re8 14. Bxg6 hxg6 15. Nxf7 Kxf7 16. Ng5+ Kg8 17. Qxg6 Bd6 18. Bd2 Rxe1+ 19. Rxe1 Qf8 20. g3 Re8 21. Be3 Re7 22. h4 Qe8 23. Qf5 Bxg3 0-1

[Event "SVM_Regionalliga_2024-25"]
[Site "?"]
[Date "2024.12.01"]
[Round "5.3"]
[Board "4"]
[White "Weiler,Wolfgang"]
[Black "Paulus,Jeffrey"]
[WhiteTeam "SF Lohmar 1"]
[BlackTeam "SG Porz 3"]
[WhiteElo "1929"]
[BlackElo "2004"]
[WhiteDWZ "1852"]
[BlackDWZ "2016"]
[Result "0-1"]
[PlyCount "114"]
[EventDate "2024.12.01"]
[SourceDate "2024.12.01"]
 
1. e4 e6 2. d4 d5 3. Bd3 dxe4 4. Bxe4 Nf6 5. Bf3 c5 6. Ne2 Be7 7. Be3 Qb6 8. dxc5 Bxc5 9. Bxc5 Qxc5 10. Qd4 Nbd7 11. Nbc3 a6 12. O-O-O Qxd4 13. Rxd4 Ne5 14. Rhd1 Ke7 15. Ng1 Nxf3 16. Nxf3 Bd7 17. Ne5 Rhd8 18. g4 Be8 19. Rxd8 Rxd8 20. Rxd8 Kxd8 21. Kd2 Nd7 22. Nc4 Kc7 23. Ne4 f6 24. f4 Bg6 25. Nc3 Nc5 26. b4 Ne4+ 27. Nxe4 Bxe4 28. Ne3 Bf3 29. h4 Kd6 30. c4 b6 31. Kd3 h5 32. g5 fxg5 33. fxg5 Ke5 34. c5 bxc5 35. bxc5 Kf4 36. Nc4 e5 37. Kd2 Bd5 38. Ne3 Bxa2 39. c6 Be6 40. c7 Kg3 41. Nc4 Kxh4 42. g6 Kg3 43. Nd6 h4 44. Ne8 h3 45. Nxg7 Bg4 46. Nh5+ Kh4 47. g7 h2 48. Ng3 Kxg3 49. g8=Q h1=Q 50. c8=Q Qd1+ 51. Kc3 Qc1+ 52. Kd3 Qxc8 53. Qxc8 Bxc8 54. Ke4 Kf2 55. Kxe5 Ke3 56. Kd5 Kd3 57. Kc5 Kc3 0-1

[Event "SVM_Regionalliga_2024-25"]
[Site "?"]
[Date "2024.12.01"]
[Round "5.3"]
[Board "5"]
[White "Spindler,Florian"]
[Black "Weber,Olaf"]
[WhiteTeam "SG Porz 3"]
[BlackTeam "SF Lohmar 1"]
[WhiteElo "1993"]
[BlackElo "2027"]
[WhiteDWZ "2005"]
[BlackDWZ "1866"]
[Result "1-0"]
[PlyCount "45"]
[EventDate "2024.12.01"]
[SourceDate "2024.12.01"]
 
1. d4 Nf6 2. c4 e6 3. Nf3 b6 4. Bg5 Be7 5. Nc3 Bb7 6. e3 O-O 7. Bd3 d5 8. O-O h6 9. Bf4 c5 10. Re1 Nc6 11. cxd5 Nxd5 12. Nxd5 exd5 13. Rc1 cxd4 14. Bb5 Rc8 15. Qa4 Na5 16. Nxd4 Bd6 17. Nf5 Rxc1 18. Rxc1 Bxf4 19. Qxf4 Qf6 20. Rc7 a6 21. Bd3 Re8 22. Nxh6+ Kf8 23. Rxf7+ 1-0

[Event "SVM_Regionalliga_2024-25"]
[Site "?"]
[Date "2024.12.01"]
[Round "5.4"]
[Board "1"]
[White "Singh,Marcel"]
[Black "Reinöhl,Christian"]
[WhiteTeam "Eschweiler SC 1"]
[BlackTeam "SK Troisdorf"]
[WhiteElo "1921"]
[BlackElo "2140"]
[WhiteDWZ "1821"]
[BlackDWZ "2101"]
[Result "0-1"]
[PlyCount "120"]
[EventDate "2024.12.01"]
[SourceDate "2024.12.01"]
 
1. e4 e5 2. Nc3 Nf6 3. Bc4 Bc5 4. d3 Nc6 5. f4 d6 6. Nf3 a6 7. f5 b5 8. Bb3 h6
9. Qe2 Na5 10. Be3 {(=)} Nxb3 11. axb3 Bxe3 12. Qxe3 Bb7 13. h3 c5 14. g4 Qc7
15. Ne2 d5 16. Ng3 O-O-O 17. O-O-O Rhe8 18. g5 hxg5 19. Nxg5 c4 20. bxc4 bxc4
21. dxc4 Qxc4 22. b3 Qc7 23. exd5 Nxd5 24. Qf2 Nb4 25. N5e4 Nd3+ 26. Rxd3 Rxd3
27. Rd1 Rxd1+ 28. Kxd1 Rd8+ 29. Kc1 Qd7 30. Qc5+ Qc7 31. Qb4 Bxe4 32. Nxe4 Rd4
33. Qf8+ Kb7 34. Nc5+ Ka7 35. Na4 f6 36. Kb2 Rd8 37. Qb4 Rc8 38. c4 Qc6 39. Qd2
Rc7 40. Qe3+ Kb8 41. c5 Qd5 42. Qe2 Ka7 43. b4 Qd4+ 44. Kb3 Rb7 45. Nb6 e4 46.
Qc4 Qxc4+ 47. Kxc4 Rxb6 48. cxb6+ Kxb6 49. Kd4 Kb5 50. Kxe4 Kxb4 51. Kd5 a5 52.
Ke6 a4 53. Kf7 a3 54. Kxg7 a2 55. Kxf6 a1=Q+ 56. Kf7 Kc5 57. f6 Kd6 58. h4 Qa7+
59. Kg8 Ke6 60. h5 Kxf6 0-1

[Event "SVM_Regionalliga_2024-25"]
[Site "?"]
[Date "2024.12.01"]
[Round "5.4"]
[Board "3"]
[White "Weisshaupt,Rainer"]
[Black "Fuß,Jean-Pierre"]
[WhiteTeam "Eschweiler SC 1"]
[BlackTeam "SK Troisdorf"]
[WhiteElo "2059"]
[BlackElo "1957"]
[WhiteDWZ "1921"]
[BlackDWZ "2057"]
[Result "1/2-1/2"]
[PlyCount "62"]
[EventDate "2024.12.01"]
[SourceDate "2024.12.01"]
 
1. e4 c5 2. Nf3 e6 3. Na3 a6 4. g3 b5 5. Bg2 Bb7 6. d3 d6 7. O-O Ne7 8. Re1
Nec6 9. c3 Be7 10. d4 cxd4 11. cxd4 Nb4 12. Qd2 d5 13. e5 Nd7 14. b3 Qb6 15.
Bf1 Rc8 16. Bb2 O-O 17. Rec1 Rxc1 18. Qxc1 Rc8 19. Qd2 Qc7 20. Ne1 Nb8 21. Nb1
Nc2 22. Nxc2 Qxc2 23. Bd3 Qxd2 24. Nxd2 Bb4 25. Nf3 Bc3 26. Rb1 Bxb2 27. Rxb2
Rc3 28. Rd2 Nc6 29. Kf1 f6 30. Ke2 fxe5 31. dxe5 h6 {(=)} 1/2-1/2

[Event "SVM_Regionalliga_2024-25"]
[Site "?"]
[Date "2024.12.01"]
[Round "5.4"]
[Board "6"]
[White "Sejdini,Valentin"]
[Black "Bieberle,Gerhart"]
[WhiteTeam "SK Troisdorf"]
[BlackTeam "Eschweiler SC 1"]
[WhiteElo "1931"]
[BlackElo "1936"]
[WhiteDWZ "1777"]
[BlackDWZ "1728"]
[Result "0-1"]
[PlyCount "118"]
[EventDate "2024.12.01"]
[SourceDate "2024.12.01"]
 
1. e4 c5 2. Nc3 Nc6 3. Nf3 b6 4. Bc4 e6 5. O-O Nge7 6. d3 Ng6 7. Re1 Be7 8. d4
cxd4 9. Nxd4 Bb7 10. Ndb5 d6 11. Be3 O-O 12. f4 a6 13. Nd4 b5 14. Nxc6 Bxc6 15.
Bd3 Qc7 16. Qg4 Bd7 17. Rac1 b4 18. Ne2 f5 19. exf5 exf5 20. Qf3 Bc6 21. Qf2
Qb7 22. Nd4 Be4 23. Bf1 Bf6 24. c3 bxc3 25. Rxc3 Rfc8 26. Rec1 Rxc3 27. Rxc3
Ne7 28. Rb3 Qd7 29. Rb6 Nd5 30. Bc4 Kh8 31. Bxd5 Bxd5 32. Qd2 Be4 33. Qb4 Be7
34. Rb8+ Rxb8 35. Qxb8+ Qd8 36. Qa7 h6 37. Qxa6 g5 38. b4 Bf6 39. Qa7 Qe8 40.
Kf2 Kg8 41. Qc7 gxf4 42. Nxf5 fxe3+ 43. Nxe3 Be5 44. Qc4+ Qf7+ 45. Qxf7+ Kxf7
46. Ng4 Bd4+ 47. Ke2 h5 48. Ne3 Bxe3 49. Kxe3 Bxg2 50. a4 Ke6 51. Kd4 Bf1 52.
b5 h4 53. b6 Ba6 54. Ke4 d5+ 55. Kd4 Kd6 56. Kc3 Kc5 57. a5 d4+ 58. Kd2 h3 59.
Kc2 Kc4 0-1